Normal view
MARC view
Entry Topical Term
001 - CONTROL NUMBER
- control field: 7057
003 - CONTROL NUMBER IDENTIFIER
- control field: BD-RjUL
005 - DATE AND TIME OF LATEST TRANSACTION
- control field: 20230222154726.0
008 - FIXED-LENGTH DATA ELEMENTS
- fixed length control field: 230222|| aca||aabn | a|a d
040 ## - CATALOGING SOURCE
- Original cataloging agency: BD-RjUL
- Transcribing agency: BD-RjUL
150 ## - HEADING--TOPICAL TERM
- Topical term or geographic name entry element: Bengal
- General subdivision: History
- Chronological subdivision: 1757
670 ## - SOURCE DATA FOUND
- Source citation: Work cat.: (BD-RjUL)39542: দে, অমলেন্দু 121806, সিরাজের পুত্র ও বংশধরদের সন্ধানে /, ২০১৪.